[Event "12th EUR-ch"]
[Site "Aix-les-Bains FRA"]
[Date "2011.03.27"]
[Round "6.91"]
[White "Hovhannisyan, Robert"]
[Black "Shirazi, Kamran"]
[Result "1-0"]
[WhiteElo "2560"]
[BlackElo "2403"]
[EventDate "2011.03.22"]
[PlyCount "95"]

1.e4 c5 2.Nf3 f5 3.exf5 Nh6 4.d4 Nxf5 5.Bd3 cxd4 6.O-O d6 7.Bxf5 Bxf5 8.
Nxd4 Qd7 9.Nxf5 Qxf5 10.Re1 Nc6 11.Qxd6 Rd8 12.Qf4 Qxf4 13.Bxf4 Nd4 14.Na3
e6 15.c3 Bxa3 16.cxd4 Bxb2 17.Rxe6+ Kf7 18.Rae1 Rd7 19.d5 Bc3 20.R1e3 Rc8 
21.d6 Bf6 22.g4 Rc4 23.R6e4 Rxe4 24.Rxe4 g5 25.Bg3 Bg7 26.Kg2 h6 27.Ra4 b6
28.f4 gxf4 29.Rxf4+ Ke6 30.Re4+ Kd5 31.Kf3 Bf8 32.Re5+ Kc6 33.Rf5 Bxd6 34.
Rf6 Kd5 35.Rxh6 Rf7+ 36.Kg2 Bc5 37.h4 Re7 38.Rh5+ Ke4 39.Rf5 Be3 40.h5 a6 
41.Rf6 a5 42.Bd6 Re8 43.h6 Rh8 44.Bf8 Bg5 45.Rg6 Kf4 46.Bg7 Re8 47.h7 Re2+
48.Kg1 1-0

[Event "12th EUR-ch"]
[Site "Aix-les-Bains FRA"]
[Date "2011.03.27"]
[Round "6.92"]
[White "Swiercz, Dariusz"]
[Black "Mazur, Stefan"]
[Result "0-1"]
[WhiteElo "2557"]
[BlackElo "2388"]
[EventDate "2011.03.22"]
[PlyCount "56"]

1.d4 Nf6 2.c4 g6 3.g3 Bg7 4.Bg2 O-O 5.Nf3 d6 6.O-O Nc6 7.Nc3 a6 8.b3 Rb8 
9.Nd5 Bg4 10.Bb2 Nxd5 11.cxd5 Nb4 12.e4 f5 13.h3 fxe4 14.hxg4 exf3 15.Bxf3
Qe8 16.g5 Kh8 17.Qe2 Qf7 18.Kg2 Rbe8 19.Qe4 e6 20.dxe6 Rxe6 21.Qg4 Qe7 22.
Rh1 Nc2 23.Rad1 c6 24.Bc3 Re3 25.Be4 Rxc3 26.Qh4 Bxd4 27.Bxc2 Rxc2 28.
Qxd4+ Kg8 0-1

[Event "12th EUR-ch"]
[Site "Aix-les-Bains FRA"]
[Date "2011.03.27"]
[Round "6.93"]
[White "Nedilko, Vasily"]
[Black "Sedlak, Nikola"]
[Result "0-1"]
[WhiteElo "2413"]
[BlackElo "2556"]
[EventDate "2011.03.22"]
[PlyCount "94"]

1.d4 e6 2.c4 f5 3.g3 Nf6 4.Bg2 c6 5.Nd2 d5 6.Nh3 Bd6 7.O-O O-O 8.Qc2 h6 9.
b3 Bd7 10.Bb2 Be8 11.f3 Bg6 12.Rae1 Nbd7 13.e4 fxe4 14.fxe4 c5 15.Nf4 Bxf4
16.gxf4 dxe4 17.Nxe4 cxd4 18.Bxd4 Nh5 19.Qd2 Qc7 20.Nc3 Nc5 21.Nb5 Qd7 22.
Qe3 Nd3 23.Qxe6+ Qxe6 24.Rxe6 Ndxf4 25.Re7 Rad8 26.Be3 Ne2+ 27.Kh1 Nhg3+ 
28.hxg3 Nxg3+ 29.Kg1 Nxf1 30.Bd4 Bf7 31.Bxf1 a6 32.Bb6 Rd2 33.Nc3 Bh5 34.
Be3 Rd6 35.Bg2 Bf3 36.Bxf3 Rxf3 37.Kg2 Rf7 38.Rxf7 Kxf7 39.Ne4 Rc6 40.c5 
Ke6 41.Kf3 Rc7 42.Nd6 Kd5 43.b4 g5 44.a4 Re7 45.Bf2 h5 46.b5 axb5 47.axb5 
b6 0-1

[Event "12th EUR-ch"]
[Site "Aix-les-Bains FRA"]
[Date "2011.03.27"]
[Round "6.94"]
[White "Roeder, Matthias"]
[Black "Grandelius, Nils"]
[Result "1/2-1/2"]
[WhiteElo "2414"]
[BlackElo "2547"]
[EventDate "2011.03.22"]
[PlyCount "120"]

1.Nf3 Nf6 2.c4 g6 3.Nc3 Bg7 4.e4 d6 5.d4 O-O 6.h3 e5 7.d5 a5 8.Bg5 Na6 9.
Nd2 Qe8 10.Be2 Nd7 11.a3 f6 12.Bh4 Nb6 13.b3 Bh6 14.Rb1 Nc5 15.b4 axb4 16.
axb4 Nca4 17.Nb5 Qd8 18.Qc2 c6 19.Nxd6 Qxd6 20.c5 Qd8 21.dxc6 Bxd2+ 22.
Qxd2 g5 23.Bg3 Qxd2+ 24.Kxd2 Rd8+ 25.Kc2 bxc6 26.cxb6 Nxb6 27.Ra1 Be6 28.
f3 Nc4 29.Bxc4 Bxc4 30.Bf2 Kg7 31.Bb6 Rdb8 32.Be3 Bb5 33.Ra5 Rg8 34.Rha1 
Rab8 35.Ra7+ Kg6 36.Rc7 Rbc8 37.Bb6 Rb8 38.Ba7 Rbe8 39.Bb6 Rg7 40.Rxg7+ 
Kxg7 41.h4 gxh4 42.Rh1 Ra8 43.Ba5 Ra7 44.Rxh4 Rd7 45.Rg4+ Kf7 46.Bb6 Bc4 
47.Rh4 Kg6 48.Rh2 h5 49.Bf2 Rg7 50.g3 Be2 51.f4 Rd7 52.Bc5 Bf3 53.Rd2 
Rxd2+ 54.Kxd2 exf4 55.gxf4 Bxe4 56.Bf2 Kf5 57.Ke3 Bd5 58.Bh4 Kg4 59.Bxf6 
h4 60.f5 h3 1/2-1/2

[Event "12th EUR-ch"]
[Site "Aix-les-Bains FRA"]
[Date "2011.03.27"]
[Round "6.95"]
[White "Zarkua, Davit"]
[Black "Manolache, Marius"]
[Result "0-1"]
[WhiteElo "2397"]
[BlackElo "2546"]
[EventDate "2011.03.22"]
[PlyCount "72"]

1.Nf3 Nf6 2.c4 g6 3.g3 Bg7 4.Bg2 d6 5.Nc3 O-O 6.O-O c6 7.d4 Bf5 8.Nh4 Be6 
9.d5 Bd7 10.Qb3 Na6 11.h3 Nc5 12.Qa3 cxd5 13.cxd5 a5 14.Be3 b5 15.Bxc5 
dxc5 16.Qxc5 b4 17.Nd1 Rc8 18.Qa7 Bb5 19.Ne3 Ne8 20.Rac1 Rxc1 21.Rxc1 Bxb2
22.Rc2 Bc3 23.Nd1 Bf6 24.Nf3 Ba4 25.Rd2 Nd6 26.Nd4 Bxd4 27.Qxd4 Qc7 28.Nb2
Qc1+ 29.Kh2 Bc2 30.h4 Nb5 31.Qe3 Qxb2 32.Qc5 Na3 33.Be4 Qc3 34.Rxc2 Nxc2 
35.Qxc3 bxc3 36.Bxc2 Rb8 0-1

[Event "12th EUR-ch"]
[Site "Aix-les-Bains FRA"]
[Date "2011.03.27"]
[Round "6.96"]
[White "Antal, Gergely"]
[Black "Zawadzka, Jolanta"]
[Result "1-0"]
[WhiteElo "2545"]
[BlackElo "2386"]
[EventDate "2011.03.22"]
[PlyCount "80"]

1.e4 e5 2.Nf3 Nc6 3.Bc4 Bc5 4.b4 Bxb4 5.c3 Ba5 6.d4 d6 7.Qb3 Qd7 8.Nbd2 
Bb6 9.dxe5 Na5 10.Qc2 Nxc4 11.Nxc4 Qc6 12.Nxb6 axb6 13.Nd4 Qc4 14.exd6 
cxd6 15.a3 Ne7 16.Rb1 O-O 17.Rb4 Qc7 18.Nb5 Qc6 19.O-O d5 20.Bg5 f6 21.Bf4
dxe4 22.Bd6 Nd5 23.Rd4 Qxb5 24.c4 Qa4 25.Qxa4 Rxa4 26.Bxf8 Kxf8 27.Rxd5 
Be6 28.Rd8+ Kf7 29.Rb8 Bxc4 30.Rxb7+ Kg6 31.Ra1 b5 32.h3 Ra6 33.Rd1 Rxa3 
34.Rdd7 Ra1+ 35.Kh2 Ra2 36.Kg3 Kf5 37.Rxg7 e3 38.fxe3 Bd5 39.e4+ Bxe4 40.
Rxb5+ Ke6 1-0

[Event "12th EUR-ch"]
[Site "Aix-les-Bains FRA"]
[Date "2011.03.27"]
[Round "6.97"]
[White "Kadric, Denis"]
[Black "Gozzoli, Yannick"]
[Result "1/2-1/2"]
[WhiteElo "2379"]
[BlackElo "2543"]
[EventDate "2011.03.22"]
[PlyCount "48"]

1.e4 e5 2.Nf3 Nc6 3.Bb5 Nf6 4.d3 d6 5.c3 Bd7 6.O-O Be7 7.Nbd2 O-O 8.Re1 a6
9.Ba4 b5 10.Bc2 Re8 11.h3 Bf8 12.d4 g6 13.Nf1 Bg7 14.Ng3 a5 15.a4 bxa4 16.
d5 Ne7 17.Bxa4 c6 18.dxc6 Bxc6 19.Bxc6 Nxc6 20.Bg5 h6 21.Bxf6 Qxf6 22.Nf1 
Qe6 23.Ne3 Ne7 24.Qd3 f5 1/2-1/2

[Event "12th EUR-ch"]
[Site "Aix-les-Bains FRA"]
[Date "2011.03.27"]
[Round "6.98"]
[White "Pridorozhni, Aleksei"]
[Black "Petrisor, Adrian-Marian"]
[Result "1-0"]
[WhiteElo "2542"]
[BlackElo "2385"]
[EventDate "2011.03.22"]
[PlyCount "85"]

1.e4 c6 2.d4 d5 3.Nc3 dxe4 4.Nxe4 Bf5 5.Ng3 Bg6 6.Bc4 Nf6 7.h4 h6 8.Nh3 e6
9.Nf4 Bh7 10.Bb3 Bd6 11.Be3 O-O 12.Ngh5 Bxf4 13.Nxf4 Nbd7 14.f3 Nd5 15.
Bxd5 cxd5 16.Qd2 Rc8 17.c3 Qa5 18.Nh5 Bg6 19.Nxg7 Kxg7 20.Bxh6+ Kh8 21.
Bxf8 Rxf8 22.Rh3 Rg8 23.Rg3 Qd8 24.Qh6+ Bh7 25.Rxg8+ Qxg8 26.Kf2 Qd8 27.
Rh1 Qb6 28.b3 Qa5 29.Qd2 e5 30.dxe5 Nxe5 31.Qd4 f6 32.Kg3 Qc7 33.Kh3 Bf5+ 
34.g4 Bh7 35.Rf1 Kg7 36.f4 Nd7 37.Qxd5 Qxc3+ 38.Rf3 Qc6 39.Qxc6 bxc6 40.
Re3 Kf7 41.f5 Bg8 42.Re4 Kf8 43.Ra4 1-0

[Event "12th EUR-ch"]
[Site "Aix-les-Bains FRA"]
[Date "2011.03.27"]
[Round "6.99"]
[White "Beinoras, Mindaugas"]
[Black "Sanikidze, Tornike"]
[Result "0-1"]
[WhiteElo "2356"]
[BlackElo "2542"]
[EventDate "2011.03.22"]
[PlyCount "68"]

1.d4 Nf6 2.c4 e6 3.Nf3 c5 4.d5 exd5 5.cxd5 d6 6.Nc3 g6 7.h3 Bg7 8.e4 O-O 
9.Bd3 a6 10.a4 Re8 11.O-O Nbd7 12.Re1 Nh5 13.g4 Nhf6 14.Bf4 h5 15.gxh5 
Nxh5 16.Bxd6 Ne5 17.Bxe5 Bxe5 18.Nxe5 Rxe5 19.Re3 Qh4 20.Qf3 Rg5+ 21.Kh1 
Nf4 22.Bf1 Kg7 23.Ne2 Bxh3 24.Bxh3 Nxh3 25.Qxh3 Rh8 26.Raa3 Qxf2 27.Qxh8+ 
Kxh8 28.Rh3+ Kg7 29.Rag3 Rxg3 30.Nxg3 Qxb2 31.Rh2 Qb1+ 32.Kg2 c4 33.Rh1 
Qd3 34.Kf2 b5 0-1

[Event "12th EUR-ch"]
[Site "Aix-les-Bains FRA"]
[Date "2011.03.27"]
[Round "6.100"]
[White "Rapport, Richard"]
[Black "Raznikov, Danny"]
[Result "0-1"]
[WhiteElo "2540"]
[BlackElo "2384"]
[EventDate "2011.03.22"]
[PlyCount "70"]

1.d4 d5 2.Nf3 c6 3.c4 Nf6 4.Nc3 dxc4 5.a4 e6 6.e4 Bb4 7.e5 Nd5 8.Bd2 b5 9.
axb5 Bxc3 10.bxc3 cxb5 11.Ng5 Nc6 12.Qh5 Qe7 13.Be2 b4 14.Bxc4 bxc3 15.Be3
h6 16.Ne4 O-O 17.O-O Ncb4 18.Ra5 f5 19.exf6 Nxf6 20.Nxf6+ Qxf6 21.Rc1 Nc6 
22.Ra4 Kh8 23.d5 exd5 24.Bxd5 Bd7 25.Rf4 Qd6 26.g3 Rxf4 27.Bxf4 Qf6 28.h4 
Re8 29.Kg2 Nb4 30.Bf3 Nd3 31.Bg5 Qb6 32.Rf1 Ne1+ 33.Rxe1 Rxe1 34.Qf7 Qe6 
35.Qf8+ Kh7 0-1

[Event "12th EUR-ch"]
[Site "Aix-les-Bains FRA"]
[Date "2011.03.28"]
[Round "7.1"]
[White "Potkin, Vladimir"]
[Black "Volokitin, Andrei"]
[Result "1/2-1/2"]
[WhiteElo "2653"]
[BlackElo "2677"]
[EventDate "2011.03.22"]
[PlyCount "35"]

1.d4 Nf6 2.c4 e6 3.Nf3 b6 4.g3 Ba6 5.Qc2 Bb7 6.Bg2 c5 7.d5 exd5 8.cxd5 
Nxd5 9.O-O Be7 10.Rd1 Nc6 11.Qa4 Nf6 12.e4 O-O 13.e5 Ne8 14.Nc3 Nc7 15.Be3
f5 16.e6 Nxe6 17.Ne5 Nxe5 18.Bxb7 1/2-1/2

[Event "12th EUR-ch"]
[Site "Aix-les-Bains FRA"]
[Date "2011.03.28"]
[Round "7.2"]
[White "Vallejo Pons, Francisco"]
[Black "Iordachescu, Viorel"]
[Result "1/2-1/2"]
[WhiteElo "2707"]
[BlackElo "2626"]
[EventDate "2011.03.22"]
[PlyCount "39"]

1.e4 c6 2.Nf3 d5 3.Nc3 Bg4 4.h3 Bxf3 5.Qxf3 Nf6 6.d3 e6 7.Bd2 Nbd7 8.g4 
Bb4 9.g5 Ng8 10.d4 Qa5 11.h4 Ne7 12.a3 dxe4 13.Qxe4 Nd5 14.Rh3 Bxc3 15.
bxc3 Ne7 16.Rb1 b6 17.c4 Qf5 18.Bg2 Rc8 19.Qe2 Ng6 20.Qd3 1/2-1/2

[Event "12th EUR-ch"]
[Site "Aix-les-Bains FRA"]
[Date "2011.03.28"]
[Round "7.3"]
[White "Zhigalko, Sergei"]
[Black "Lupulescu, Constantin"]
[Result "1/2-1/2"]
[WhiteElo "2680"]
[BlackElo "2626"]
[EventDate "2011.03.22"]
[PlyCount "111"]

1.e4 c6 2.d4 d5 3.e5 Bf5 4.Nf3 e6 5.Be2 c5 6.O-O Nc6 7.c3 Bg6 8.a3 cxd4 9.
cxd4 Nge7 10.b4 Nf5 11.Bb2 Be7 12.Nbd2 Qb6 13.Qa4 O-O 14.b5 Nb8 15.Bc3 Qd8
16.Ba5 b6 17.Bb4 Qd7 18.Bxe7 Nxe7 19.Qb4 a5 20.bxa6 Nxa6 21.Qxb6 Rfb8 22.
Qa5 Nb4 23.axb4 Rxa5 24.bxa5 Nc6 25.Rfc1 Nb4 26.Rc3 h6 27.a6 Qa7 28.h3 Nc2
29.Ra4 Qd7 30.Ra5 Qa7 31.Rac5 Nb4 32.Rc7 Qb6 33.a7 Rf8 34.R3c5 Kh7 35.Rd7 
Ra8 36.Rb5 Qc6 37.Rbb7 Qa4 38.Nh4 Nc6 39.Nxg6 Rxa7 40.Nf8+ Kg8 41.Rxa7 
Nxa7 42.Rd8 Nc6 43.Rc8 Ne7 44.Rb8 Nc6 45.Re8 Nxd4 46.Nd7+ Kh7 47.Bd3+ Nf5 
48.Nf8+ Kg8 49.Rd8 Qd1+ 50.Kh2 g6 51.Nxe6+ Kh7 52.Rd7 Kg8 53.Rd8+ Kh7 54.
Rd7 Kg8 55.Rd8+ Kh7 56.Rd7 1/2-1/2

[Event "12th EUR-ch"]
[Site "Aix-les-Bains FRA"]
[Date "2011.03.28"]
[Round "7.4"]
[White "Khairullin, Ildar"]
[Black "Nisipeanu, Liviu-Dieter"]
[Result "1/2-1/2"]
[WhiteElo "2634"]
[BlackElo "2673"]
[EventDate "2011.03.22"]
[PlyCount "28"]

1.e4 c5 2.Nf3 e6 3.d4 cxd4 4.Nxd4 Nf6 5.Nc3 d6 6.Be2 Be7 7.O-O O-O 8.f4 
Nc6 9.Be3 Qc7 10.Ndb5 Qb8 11.a4 b6 12.Bf3 Bb7 13.Qe2 a6 14.Nd4 Nxd4 
1/2-1/2

[Event "12th EUR-ch"]
[Site "Aix-les-Bains FRA"]
[Date "2011.03.28"]
[Round "7.5"]
[White "Ragger, Markus"]
[Black "Cheparinov, Ivan"]
[Result "1/2-1/2"]
[WhiteElo "2614"]
[BlackElo "2664"]
[EventDate "2011.03.22"]
[PlyCount "83"]

1.Nf3 Nf6 2.c4 g6 3.g3 Bg7 4.Bg2 O-O 5.O-O d5 6.cxd5 Nxd5 7.Nc3 Nb6 8.d4 
Nc6 9.d5 Na5 10.e4 c6 11.Bf4 Bxc3 12.bxc3 cxd5 13.exd5 Qxd5 14.Re1 Qxd1 
15.Raxd1 Re8 16.Bg5 Nc6 17.Nd4 Bg4 18.Nxc6 Bxd1 19.Nxe7+ Kg7 20.Bxb7 Rad8 
21.Bc6 Rf8 22.Nd5 Rd6 23.Be7 Rxc6 24.Bxf8+ Kxf8 25.Rxd1 Nxd5 26.Rxd5 Rxc3 
27.Ra5 Rc7 28.g4 Kg7 29.Kg2 h6 30.h4 Kf6 31.Ra6+ Kg7 32.Ra5 Kf6 33.Ra6+ 
Kg7 34.Kg3 h5 35.g5 Rc3+ 36.f3 Rc7 37.a4 Kf8 38.a5 Kg7 39.Kg2 Rc2+ 40.Kg3 
Rc7 41.Rd6 Rc5 42.Ra6 1/2-1/2

[Event "12th EUR-ch"]
[Site "Aix-les-Bains FRA"]
[Date "2011.03.28"]
[Round "7.6"]
[White "Hammer, Jon Ludvig"]
[Black "Khismatullin, Denis"]
[Result "1/2-1/2"]
[WhiteElo "2606"]
[BlackElo "2662"]
[EventDate "2011.03.22"]
[PlyCount "73"]

1.d4 Nf6 2.c4 e6 3.Nc3 d5 4.cxd5 Nxd5 5.Nf3 c5 6.g3 Nxc3 7.bxc3 cxd4 8.
cxd4 Bb4+ 9.Bd2 Bxd2+ 10.Qxd2 Bd7 11.Ne5 Nc6 12.Bg2 Nxe5 13.dxe5 Bc6 14.
Bxc6+ bxc6 15.Qc3 Qd5 16.O-O O-O 17.Rfd1 Qe4 18.e3 Rab8 19.Rac1 h5 20.h4 
Rb6 21.Rd6 Rfb8 22.Rxc6 Rxc6 23.Qxc6 Qxe5 24.Qc7 Qb2 25.Rc5 Qb1+ 26.Kh2 
Qb6 27.Qxb6 axb6 28.Rxh5 Ra8 29.Rb5 Rxa2 30.Kg2 Ra6 31.g4 Kf8 32.h5 Ke7 
33.f4 f6 34.g5 Ra5 35.gxf6+ Kxf6 36.Rxb6 Rxh5 37.Kg3 1/2-1/2

[Event "12th EUR-ch"]
[Site "Aix-les-Bains FRA"]
[Date "2011.03.28"]
[Round "7.7"]
[White "Parligras, Mircea-Emilian"]
[Black "Feller, Sebastien"]
[Result "1/2-1/2"]
[WhiteElo "2598"]
[BlackElo "2657"]
[EventDate "2011.03.22"]
[PlyCount "32"]

1.d4 d5 2.c4 e6 3.Nc3 Be7 4.cxd5 exd5 5.Bf4 Nf6 6.e3 Bf5 7.Qb3 Nc6 8.Qxb7 
Nb4 9.Bb5+ Kf8 10.Rc1 Bd6 11.Bxd6+ cxd6 12.a3 Rb8 13.Qxa7 Nc2+ 14.Ke2 Ra8 
15.Qb7 Rb8 16.Qa7 Ra8 1/2-1/2

[Event "12th EUR-ch"]
[Site "Aix-les-Bains FRA"]
[Date "2011.03.28"]
[Round "7.8"]
[White "Vitiugov, Nikita"]
[Black "Wirig, Anthony"]
[Result "1-0"]
[WhiteElo "2720"]
[BlackElo "2480"]
[EventDate "2011.03.22"]
[PlyCount "83"]

1.d4 d5 2.c4 c6 3.Nf3 Nf6 4.Nc3 a6 5.e3 b5 6.b3 Bg4 7.Be2 Nbd7 8.h3 Bf5 9.
O-O e6 10.Bb2 Bd6 11.Nh4 Be4 12.Nxe4 Nxe4 13.Nf3 O-O 14.Bd3 Ndf6 15.Qe2 
Qe7 16.c5 Bc7 17.b4 Nd7 18.a4 f5 19.Ra3 Rac8 20.axb5 axb5 21.Ra7 Bb8 22.
Rb7 Rc7 23.Rxc7 Bxc7 24.Ra1 Rc8 25.Qd1 Bb8 26.Ra6 Qd8 27.Qa1 Qc7 28.Qa2 h6
29.Ne5 Nxe5 30.dxe5 Nd2 31.Bd4 Nc4 32.f4 h5 33.Qf2 Qe7 34.g4 hxg4 35.hxg4 
g6 36.Qg3 Kf7 37.Ra2 Rf8 38.Rh2 Ke8 39.Rh6 Qf7 40.gxf5 gxf5 41.Rg6 Kd8 42.
Qg5+ 1-0

[Event "12th EUR-ch"]
[Site "Aix-les-Bains FRA"]
[Date "2011.03.28"]
[Round "7.9"]
[White "Wojtaszek, Radoslaw"]
[Black "Hracek, Zbynek"]
[Result "1-0"]
[WhiteElo "2711"]
[BlackElo "2631"]
[EventDate "2011.03.22"]
[PlyCount "53"]

1.d4 Nf6 2.c4 e6 3.Nc3 Bb4 4.Nf3 c5 5.g3 cxd4 6.Nxd4 Ne4 7.Qc2 Qa5 8.Bg2 
Nxc3 9.O-O Nc6 10.bxc3 Bxc3 11.Nb3 Nd4 12.Nxd4 Bxd4 13.Rb1 O-O 14.Rd1 Bc5 
15.Rb5 Qc7 16.Bf4 e5 17.Rxc5 Qxc5 18.Rd5 Qb4 19.Bxe5 Re8 20.Be4 h6 21.Bd6 
Qe1+ 22.Kg2 a5 23.Rf5 Ra6 24.c5 Re6 25.Bd5 Qa1 26.Bxe6 dxe6 27.Be5 1-0

[Event "12th EUR-ch"]
[Site "Aix-les-Bains FRA"]
[Date "2011.03.28"]
[Round "7.10"]
[White "Safarli, Eltaj"]
[Black "Dreev, Aleksey"]
[Result "1/2-1/2"]
[WhiteElo "2628"]
[BlackElo "2697"]
[EventDate "2011.03.22"]
[PlyCount "41"]

1.e4 c6 2.c4 d5 3.exd5 cxd5 4.cxd5 Nf6 5.Nc3 Nxd5 6.Nf3 e6 7.d4 Bb4 8.Bd2 
Nc6 9.Bd3 O-O 10.O-O Be7 11.Re1 Ndb4 12.Bf4 Nxd3 13.Qxd3 Nb4 14.Qe4 Re8 
15.Ne5 f6 16.Nc4 Bd7 17.a3 Rc8 18.Ne3 f5 19.Qb1 Nc6 20.d5 Nd4 21.Be5 
1/2-1/2

[Event "12th EUR-ch"]
[Site "Aix-les-Bains FRA"]
[Date "2011.03.28"]
[Round "7.12"]
[White "Kobalia, Mikhail"]
[Black "Beliavsky, Alexander"]
[Result "1-0"]
[WhiteElo "2672"]
[BlackElo "2619"]
[EventDate "2011.03.22"]
[PlyCount "81"]

1.e4 e5 2.Nf3 Nc6 3.Bb5 a6 4.Ba4 Nf6 5.O-O Be7 6.d3 d6 7.c3 O-O 8.Re1 Nd7 
9.d4 b5 10.Bc2 Nb6 11.Nbd2 Bf6 12.Nf1 exd4 13.Nxd4 Bd7 14.Ng3 g6 15.Bh6 
Re8 16.Nxc6 Bxc6 17.Qc1 Nc4 18.Bb3 Qd7 19.Bxc4 bxc4 20.Qf4 Qe6 21.Re2 Rab8
22.Rae1 Rb5 23.Qc1 Bh4 24.Bf4 h5 25.e5 Qd5 26.Ne4 Rxe5 27.Bxe5 Qxe5 28.Qe3
f5 29.Qh3 fxe4 30.Qxh4 Qg5 31.Rxe4 Bxe4 32.Qxe4 Kg7 33.Qxc4 Rxb2 34.Qxc7+ 
Kh6 35.Qxd6 Qf5 36.Qd4 Rb1 37.Qh8+ Kg5 38.h4+ Kxh4 39.Qd8+ Kg4 40.Qd4+ Kg5
41.Qe3+ 1-0

[Event "12th EUR-ch"]
[Site "Aix-les-Bains FRA"]
[Date "2011.03.28"]
[Round "7.13"]
[White "Mamedov, Rauf"]
[Black "Kovchan, Alexander"]
[Result "1-0"]
[WhiteElo "2667"]
[BlackElo "2563"]
[EventDate "2011.03.22"]
[PlyCount "53"]

1.e4 c6 2.d4 d5 3.Nd2 dxe4 4.Nxe4 Bf5 5.Ng3 Bg6 6.N1e2 Nd7 7.h4 h6 8.Nf4 
Bh7 9.Bc4 e6 10.c3 Ngf6 11.O-O Nb6 12.Bb3 Nbd5 13.Nxd5 Nxd5 14.c4 Nf6 15.
d5 exd5 16.cxd5 Nxd5 17.Qg4 Qf6 18.Bxd5 cxd5 19.Re1+ Be7 20.Bd2 a5 21.Rac1
Rd8 22.Rc7 Be4 23.Nxe4 dxe4 24.Qxe4 Rxd2 25.Rxe7+ Kd8 26.Rxb7 Qxf2+ 27.Kh1
1-0

[Event "12th EUR-ch"]
[Site "Aix-les-Bains FRA"]
[Date "2011.03.28"]
[Round "7.14"]
[White "L'Ami, Erwin"]
[Black "Zvjaginsev, Vadim"]
[Result "1/2-1/2"]
[WhiteElo "2623"]
[BlackElo "2663"]
[EventDate "2011.03.22"]
[PlyCount "34"]

1.d4 Nf6 2.c4 e6 3.Nf3 d5 4.Nc3 Be7 5.Bg5 O-O 6.e3 Nbd7 7.Qc2 c6 8.Rd1 h6 
9.Bf4 a6 10.a3 b6 11.h3 Bb7 12.Bd3 c5 13.cxd5 Nxd5 14.Nxd5 exd5 15.O-O Nf6
16.Qe2 Bd6 17.Ne5 Qe7 1/2-1/2

[Event "12th EUR-ch"]
[Site "Aix-les-Bains FRA"]
[Date "2011.03.28"]
[Round "7.15"]
[White "Guseinov, Gadir"]
[Black "Gharamian, Tigran"]
[Result "1/2-1/2"]
[WhiteElo "2584"]
[BlackElo "2650"]
[EventDate "2011.03.22"]
[PlyCount "27"]

1.e4 e6 2.d4 d5 3.Nc3 Bb4 4.Ne2 Nf6 5.a3 Be7 6.exd5 exd5 7.Ng3 Bg4 8.Be2 
Bxe2 9.Qxe2 O-O 10.O-O c6 11.Nf5 Re8 12.Qf3 Bf8 13.Bf4 Re6 14.Rae1 1/2-1/2

[Event "12th EUR-ch"]
[Site "Aix-les-Bains FRA"]
[Date "2011.03.28"]
[Round "7.16"]
[White "Jones, Gawain"]
[Black "Korobov, Anton"]
[Result "0-1"]
[WhiteElo "2578"]
[BlackElo "2647"]
[EventDate "2011.03.22"]
[PlyCount "88"]

1.e4 e6 2.d4 d5 3.Nd2 Nf6 4.e5 Nfd7 5.Bd3 c5 6.c3 Nc6 7.Ngf3 Be7 8.O-O g5 
9.a3 cxd4 10.cxd4 g4 11.Ne1 Qb6 12.Qxg4 Qxd4 13.Qxd4 Nxd4 14.Nef3 Nc5 15.
Nxd4 Nxd3 16.N2f3 b6 17.Nb5 Kd7 18.Rd1 Ba6 19.Rxd3 Bxb5 20.Rc3 Rac8 21.Bd2
Rxc3 22.Bxc3 Rc8 23.Nd4 Bd3 24.f4 Rc4 25.Rd1 Be4 26.Ne2 Bc5+ 27.Kf1 Be3 
28.b3 Bc2 29.bxc4 Bxd1 30.cxd5 Bxe2+ 31.Kxe2 Bxf4 32.d6 Bxh2 33.Kf3 Bg1 
34.a4 a6 35.Kf4 Bc5 36.Kg5 b5 37.axb5 axb5 38.Kf6 b4 39.Bb2 Be3 40.g4 Bd2 
41.g5 Bc3 42.Bc1 b3 43.Kxf7 Bxe5 44.Kg8 b2 0-1

[Event "12th EUR-ch"]
[Site "Aix-les-Bains FRA"]
[Date "2011.03.28"]
[Round "7.17"]
[White "Svidler, Peter"]
[Black "Azarov, Sergei"]
[Result "1-0"]
[WhiteElo "2730"]
[BlackElo "2615"]
[EventDate "2011.03.22"]
[PlyCount "123"]

1.e4 e5 2.Nf3 Nc6 3.Bb5 a6 4.Ba4 Nf6 5.O-O Be7 6.Re1 b5 7.Bb3 d6 8.c3 O-O 
9.h3 h6 10.d4 Re8 11.Nbd2 Bf8 12.Bc2 Bb7 13.d5 Ne7 14.b3 c6 15.c4 cxd5 16.
cxd5 Nd7 17.a4 f5 18.axb5 axb5 19.Rxa8 Qxa8 20.Bd3 fxe4 21.Bxb5 exf3 22.
Bxd7 fxg2 23.Ne4 Nxd5 24.Qh5 Re7 25.Bf5 Qe8 26.Qg4 Rc7 27.Ba3 Bc8 28.Nxd6 
Bxd6 29.Bxd6 Bxf5 30.Qxf5 Rf7 31.Qxe5 Qxe5 32.Rxe5 Nf4 33.Re8+ Kh7 34.Re3 
g5 35.b4 Nd5 36.Rd3 Nf4 37.Bxf4 Rxf4 38.Rb3 Rf6 39.b5 Rb6 40.Kxg2 Kg6 41.
Kg3 Kf5 42.Kf3 h5 43.Rb1 Ke5 44.Ke3 Kd5 45.Kd3 Rd6 46.b6 Kc6+ 47.Ke4 Kb7 
48.Kf5 Rd5+ 49.Kg6 g4 50.h4 Ra5 51.Rb4 Rc5 52.Rf4 Kxb6 53.Rf5 Rc3 54.Rxh5 
Rh3 55.Kf5 Rf3+ 56.Kxg4 Rxf2 57.Rg5 Kc7 58.h5 Rh2 59.Kf5 Kd7 60.Kg6 Re2 
61.h6 Re6+ 62.Kh5 1-0

[Event "12th EUR-ch"]
[Site "Aix-les-Bains FRA"]
[Date "2011.03.28"]
[Round "7.18"]
[White "Stevic, Hrvoje"]
[Black "Nepomniachtchi, Ian"]
[Result "0-1"]
[WhiteElo "2611"]
[BlackElo "2729"]
[EventDate "2011.03.22"]
[PlyCount "104"]

1.e4 g6 2.d4 Bg7 3.Nc3 d6 4.Nf3 a6 5.Be2 b5 6.a4 b4 7.Nd5 a5 8.c3 e6 9.Ne3
Ne7 10.O-O Bb7 11.e5 dxe5 12.dxe5 Qxd1 13.Rxd1 Nd5 14.Bb5+ c6 15.Bf1 Nd7 
16.Nc4 O-O 17.Nd6 bxc3 18.bxc3 Ba6 19.Bxa6 Rxa6 20.Nc4 Rb8 21.Bd2 Nc5 22.
Rdb1 Rxb1+ 23.Rxb1 Ra8 24.g3 Bf8 25.Nd4 Nxa4 26.Ra1 Ndb6 27.Nb3 Nxc4 28.
Rxa4 Nxe5 29.Kg2 Rb8 30.Nxa5 Ra8 31.c4 Bc5 32.Bc3 Nd3 33.Ra1 Nxf2 34.Nxc6 
Rxa1 35.Bxa1 Ng4 36.Ne5 Nxe5 37.Bxe5 f5 38.Kf3 Kf7 39.h4 Ke7 40.g4 Bd6 41.
Bc3 h5 42.gxh5 gxh5 43.Be1 e5 44.Ke3 Kd7 45.Bc3 Ke6 46.Be1 Be7 47.Kf3 Bf6 
48.Ke3 Kd6 49.Kd3 Bd8 50.Bb4+ Ke6 51.Be1 Bb6 52.Ke2 f4 0-1

[Event "12th EUR-ch"]
[Site "Aix-les-Bains FRA"]
[Date "2011.03.28"]
[Round "7.19"]
[White "Navara, David"]
[Black "Popov, Ivan"]
[Result "1-0"]
[WhiteElo "2722"]
[BlackElo "2613"]
[EventDate "2011.03.22"]
[PlyCount "83"]

1.c4 c5 2.Nf3 g6 3.e4 Bg7 4.d4 cxd4 5.Nxd4 Nc6 6.Be3 Nf6 7.Nc3 d6 8.Be2 
O-O 9.O-O Nxd4 10.Bxd4 Nd7 11.Bxg7 Kxg7 12.Qd4+ f6 13.Rad1 Qb6 14.Qd2 Nc5 
15.Nd5 Qd8 16.Qe3 e5 17.Nc3 Ne6 18.Nb5 Bd7 19.Rxd6 Qe7 20.Bg4 Rfd8 21.Bxe6
Bxe6 22.Rxd8 Rxd8 23.b3 a6 24.Nc3 Rd4 25.Nd5 Bxd5 26.cxd5 f5 27.f3 Qc5 28.
exf5 Rxd5 29.Qxc5 Rxc5 30.fxg6 hxg6 31.Rd1 Rc7 32.a4 Kf6 33.Rd6+ Kf5 34.
Kf2 Rc2+ 35.Kg3 Rc7 36.h4 Rh7 37.Rb6 g5 38.hxg5 Kxg5 39.Kf2 e4 40.fxe4 Kf4
41.Re6 Rf7 42.a5 1-0

[Event "12th EUR-ch"]
[Site "Aix-les-Bains FRA"]
[Date "2011.03.28"]
[Round "7.20"]
[White "Jakovenko, Dmitry"]
[Black "Grigoryan, Avetik"]
[Result "1-0"]
[WhiteElo "2718"]
[BlackElo "2608"]
[EventDate "2011.03.22"]
[PlyCount "79"]

1.c4 c6 2.Nf3 d5 3.d4 e6 4.Nc3 dxc4 5.a4 Bb4 6.e3 b5 7.Bd2 Bb7 8.axb5 Bxc3
9.Bxc3 cxb5 10.b3 a5 11.bxc4 b4 12.Bb2 Nf6 13.Bd3 O-O 14.O-O Nbd7 15.Nd2 
Qc7 16.f3 e5 17.Kh1 Rfe8 18.Qc2 h6 19.Rfd1 exd4 20.exd4 Qf4 21.Nf1 Nh5 22.
Bc1 Qh4 23.Be3 Nf4 24.Bf5 Nf6 25.d5 N6xd5 26.cxd5 Nxd5 27.Bd4 Nf4 28.Ng3 
Nh5 29.Bh7+ Kh8 30.Nf5 Qf4 31.Nd6 Re7 32.Nxb7 Rxb7 33.Be4 Rc7 34.Qd2 Qxd2 
35.Rxd2 Rac8 36.Rdd1 Nf6 37.Bxf6 gxf6 38.Rxa5 b3 39.Rb5 Rc1 40.Rg1 1-0

[Event "12th EUR-ch"]
[Site "Aix-les-Bains FRA"]
[Date "2011.03.28"]
[Round "7.21"]
[White "Reinderman, Dimitri"]
[Black "Jobava, Baadur"]
[Result "0-1"]
[WhiteElo "2601"]
[BlackElo "2707"]
[EventDate "2011.03.22"]
[PlyCount "120"]

1.c4 Nf6 2.g3 g6 3.Bg2 Bg7 4.Nc3 O-O 5.e4 c5 6.Nge2 Nc6 7.d3 d6 8.O-O a6 
9.h3 Rb8 10.a4 Ne8 11.Be3 Bd7 12.d4 b6 13.b3 Nc7 14.Ra2 e5 15.dxe5 dxe5 
16.f4 Nd4 17.fxe5 Bxe5 18.Bh6 Re8 19.Nf4 b5 20.axb5 axb5 21.Nd3 Bxg3 22.
Nxc5 Be5 23.Raf2 Bxh3 24.Bxh3 Qh4 25.Nd7 Qxh6 26.Qd3 bxc4 27.bxc4 Rbd8 28.
Nxe5 Rxe5 29.Nd5 Nxd5 30.cxd5 Nc6 31.Qf3 Rg5+ 32.Rg2 Rxg2+ 33.Kxg2 Qg5+ 
34.Qg3 Qxg3+ 35.Kxg3 Ne5 36.Kf4 f6 37.Ke3 Kg7 38.Kd4 h5 39.Kc5 g5 40.Bf5 
g4 41.Kb6 g3 42.Kc7 Ra8 43.d6 h4 44.Rh1 Nf3 45.Bh3 Ng5 46.Bf5 g2 47.Rg1 h3
48.Bxh3 Nxh3 49.Rxg2+ Kf7 50.d7 Nf4 51.Rh2 Ne6+ 52.Kb7 Ra4 53.Rh7+ Kf8 54.
Kc6 Rd4 55.Rh8+ Kg7 56.Rh4 Nd8+ 57.Kc7 Nf7 58.Rf4 Rc4+ 59.Kb6 Nd8 60.Rf5 
Rxe4 0-1